[Event "Moravia-ch"]
[Site "Moravia"]
[Date "1997.??.??"]
[Round "?"]
[White "Stefek, M."]
[Black "Smekal, Zdenek"]
[Result "1-0"]
[WhiteElo "1750"]
[BlackElo "1825"]
[PlyCount "121"]
[EventDate "1997.??.??"]
[EventType "swiss"]
[EventRounds "9"]
[EventCountry "CZE"]
[SourceTitle "EXT 1999"]
[Source "ChessBase"]
[SourceDate "1998.11.16"]
[SourceVersion "1"]
[SourceVersionDate "1998.11.16"]
[SourceQuality "1"]

1. e4 e5 2. Nf3 Nc6 3. d4 exd4 4. Nxd4 Nf6 5. Nc3 Bb4 6. Nxc6 bxc6 7. Bd3 d5 8. exd5 cxd5 9. 0-0 0-0 10. Bg5 Be6 11. Qf3 Be7 12. Rfe1 c6 13. Ne2 h6 14. Bf4 Bd6 15. Nd4 Bg4 16. Qg3 Bxf4 17. Qxf4 Qd7 18. h3 Be6 19. Re3 c5 20. Nf5 Bxf5 21. Bxf5 Qd8 22. Rg3 Kh8 23. Qf3 Re8 24. Rd1 Rb8 25. Qc3 Qd6 26. b3 Re5 27. Bd3 Rbe8 28. Qd2 Qe6 29. Rf3 Qd6 30. Qf4 Re1+ 31. Rxe1 Rxe1+ 32. Kh2 Qe5 33. Qxe5 Rxe5 34. Rf5 Rxf5 35. Bxf5 g6 36. Bd3 Kg7 37. Kg3 Nd7 38. f4 f6 39. Kf3 Nb6 40. Ke3 Kf7 41. h4 g5 42. hxg5 hxg5 43. g3 Ke6 44. a4 a5 45. fxg5 fxg5 46. Bb5 Ke5 47. Be2 Nc8 48. Bg4 Nd6 49. Bd7 Nf5+ 50. Bxf5 Kxf5 51. Kf3 d4 52. Kf2 Ke4 53. Ke2 g4 54. Kf2 d3 55. c3 d2 56. Ke2 d1Q+ 57. Kxd1 Kd3 58. b4 cxb4 59. cxb4 axb4 60. a5 b3 61. Kc1 1-0